00451nam a2200145 a 450000100100000000500170001000800410002702000180006804000250008610000270011124500740013826000440021230000280025670000210028400003771420201002031114.0121115s2012 dr a 000 0 spa d a9789945882711 aDO-SdBNPbspacBNPHU1 aFortuna, Flor Berenice13aEl síndrome de Burnout /cFlor Berenice Fortuna, Anthony Paniagua,. aSanto Domingo :bEditora Búho,c2012. a104 p. :bil. ;c22 cm.1 aPaniagua, Antony